Жемчуг северных рек: рассказы и повесть; для младшего школьного возраста

書誌詳細
第一著者: Фролов Л. А. Леонид Анатольевич
その他の著者: Гальдяев В. Л. (иллюстратор)
言語:ロシア語
出版事項: Москва, Детская литература, 1988
主題:
フォーマット: 図書
KOHA link:https://koha.lib.tpu.ru/cgi-bin/koha/opac-detail.pl?biblionumber=156182

MARC

LEADER 00000nam0a2200000 4500
001 156182
005 20231031152939.0
010 |a 5080010738 
020 |a RU  |b 88-85492 
035 |a (RuTPU)RU\TPU\book\169385 
090 |a 156182 
100 |a 20090324d1988 c y0rusy5003 ca 
101 0 |a rus 
102 |a RU 
105 |a a z 000ay 
200 1 |a Жемчуг северных рек  |e рассказы и повесть  |e для младшего школьного возраста  |f Л. А. Фролов  |g худож. В. Л. Гальдяев 
210 |a Москва  |c Детская литература  |d 1988 
215 |a 222 с.  |c цв. ил.  |d 24 см 
610 1 |a детская литература 
610 1 |a повести 
675 |a Р2  |z rus 
700 1 |a Фролов  |b Л. А.  |g Леонид Анатольевич  |4 070 
702 1 |a Гальдяев  |b В. Л.  |4 440 
801 0 |a RU  |b RuMRKP  |c 19950417  |g psbo 
801 1 |a RU  |b 63413507  |c 20090324  |g PSBO 
801 2 |a RU  |b 63413507  |c 20090915  |g PSBO 
942 |c BK